LEADER 01046nam a2200241 i 4500 001 991001562169707536 008 060403s2004 sp b 001 0 spa d 020 $a8481021911 035 $ab13391707-39ule_inst 040 $aDip.to Studi Giuridici$bita 082 0 $a346.37059 100 1 $aCuena Boy, Francisco$0230967 245 13$aEl fideicomiso de residuo en el derecho romano y en la tradicion romanistica hasta los codigos civiles /$cFrancisco Cuena Boy 260 $aSantander :$bUniversidad de Cantabria, Servicios de Publicaciones,$c2004 300 $a171 p. ;$c21 cm 650 4$aDiritto romano$xFedecommesso 650 4$aEreditą$xRoma antica 907 $a.b13391707$b02-04-14$c03-04-06 912 $a991001562169707536 945 $aLE027 R-VII/A 52$g1$i2027000151653$lle027$o-$pE13.70$q-$rl$s- $t0$u0$v0$w0$x0$y.i14216632$z03-04-06 996 $aFideicomiso de residuo en el derecho romano y en la tradicion romanistica hasta los codigos civiles$91091056 997 $aUNISALENTO 998 $ale027$b03-04-06$cm$da $e-$fspa$gsp $h3$i0 LEADER 00902cam0-2200313---450 001 990004296570403321 005 20240710132406.0 035 $a000429657 100 $a19990604d1966----km-y0itay50------ba 101 0 $aita 102 $aIT 105 $ay-------001yy 200 1 $aStoria della sofistica$fAdolfo Levi$ga cura di D. Pesce 210 $aNapoli$cMorano$dc1966 215 $aXII, 333 p.$d22 cm 225 1 $aCollana di filosofia$v6 610 0 $aSofisti 676 $a183.1$v21$zita 700 1$aLevi,$bAdolfo$f<1878-1948>$0160190 702 1$aPesce,$bDomenico 801 0$aIT$bUNINA$gREICAT$2UNIMARC 901 $aBK 912 $a990004296570403321 952 $a183.1 LEVA 01$bST.FIL.2494$fFLFBC 952 $a183.1 LEVA 01 BIS$bIST.FIL.T.1666$fFLFBC 952 $aDFT A83 LEVA 01$b2021/116$fFLFBC 959 $aFLFBC 996 $aStoria della sofistica$9489018 997 $aUNINA